LEADER 01044nam0 22002891i 450 001 UON00297245 005 20241108105647.867 100 $a20070613d1975 |0itac50 ba 101 $aita 102 $aIT 105 $a|||| 1|||| 200 1 $aEdda$fSnorri Sturluson$ga cura di Giorgio Dolfini 210 $aMilano$cAdelphi$dc1975 215 $a184 p.$d22 cm. 410 1$1001UON00008983$12001 $aBiblioteca Adelphi$v61 500 1$3UON00526590$aEddukvæði$94286566 620 $aIT$dMilano$3UONL000005 676 $a839$cAltre letterature germaniche$v21 700 0$aSNORRI STURLUSON$3UONV167471$0439298 702 1$aDOLFINI$bGiorgio$3UONV170893 712 $aAdelphi$3UONV245967$4650 801 $aIT$bSOL$c20241115$gRICA 899 $aSIBA - SISTEMA BIBLIOTECARIO DI ATENEO$2UONSI 912 $aUON00297245 950 $aSIBA - SISTEMA BIBLIOTECARIO DI ATENEO$dSI STUDI NORDISLANDESE 0042 $eSI FG 1601 5 0042 996 $aEddukvæði$94286566 997 $aUNIOR